000 00721nam a2200229Ia 4500
003 OSt
005 20220927105829.0
006 a|||||r|||| 00| 0
007 ta
008 220926b |||||||| |||| 00| 0 eng d
024 _a196947
037 _cReference Collections
040 _aRTL
_cRTL
_beng
041 _2eng
_aeng
082 _a"X9(J):(G:55).243PB, Q0/Th"
100 _aSEKHRI Neha
_9375383
245 0 _a"Environmental implications of agricultural development in Patiala District, Punjab"
260 _a"Delhi,"
_b"University of Delhi, "
_c2010
300 _a"xvi, 245p"
_ccm.
942 _h"X9(J):(G:55).243PB, Q0/Th"
_cCC
999 _c694935
_d694935